Statistics for Former Names of English Premier and Football League teams #2

Click here to take the quiz!

General Stats

  • This quiz has been taken 40 times
    (26 since last reset)
  • The average score is 3 of 18

Answer Stats

Former NameYears Name UsedCURRENT NAME% Correct
Woolwich ________1893 - 1914Arsenal
73%
St. Mary's1887 - 1894Southampton
68%
_________ Fosse1884 - 1919Leicester City
36%
Ardwick1887 - 1894Manchester City
36%
Burslem ____ ____1884 - 1907Port Vale
36%
_________ Borough1976 - 2010Stevenage
27%
_______ Town Swifts1888 - 1896Walsall
18%
Shaddongate United1903 - 1904Carlisle United
14%
Royal ________1886 - 1893Arsenal
9%
Riverside1899 - 1908Cardiff City
5%
_________ Freeport1997 - 1999Fleetwood Town
5%
_______ St. Peter's1887 - 1897Barnsley
0%
_______ South End1894 - 1897Bristol City
0%
_______ Pelham1878 - 1879Grimsby Town
0%
_________ Wesley1906 - 1910Mansfield Town
0%
Belmont1884 - 1885Tranmere Rovers
0%
____ ________Strollers1878 - 1880West Bromwich Albion
0%
______ Casuals1895 - 1907Yeovil Town
0%

Score Distribution

Percentile by Number Answered

Percent of People with Each Score

Your Score History

You have not taken this quiz since the last reset